000 00684nam a22002417a 4500
003 UA-OsUOA
001 20756
007 ta
008 20031103b un ||||| |||| 00| 0 ukr d
100 _aДацюк Б.Д.
090 _a930.23(470+571)
_bД21
942 _cBK
040 _aUA-OsUOA
_brus
_cUA-OsUOA
_dUA-OsUOA
245 _aЮрий Крижанич
_bОчерк политических и исторических взглядов
300 _a109 с.
955 _a0
041 _arus
080 _a930.23(470+571)
260 _aМосква
_bГосиздат Политеческой литературы
_c1946
044 _aRU
650 7 _2UDC
999 _c306939
_d306939